| 000 -LEADER |
| fixed length control field |
00495cam a2200181 a 4500 |
| 020 ## - INTERNATIONAL STANDARD BOOK NUMBER |
| ISBN |
9788186307441 |
| 020 ## - INTERNATIONAL STANDARD BOOK NUMBER |
| ISBN |
8186307443 |
| 040 ## - CATALOGING SOURCE |
| Transcribing agency |
DKAGE |
| 082 04 - DEWEY DECIMAL CLASSIFICATION NUMBER |
| Classification number |
338 PRA 2012 A035 Or. |
| 245 00 - TITLE STATEMENT |
| Title |
Agriculture and rural development : |
| Remainder of title |
a foretaste / |
| 260 ## - PUBLICATION, DISTRIBUTION, ETC. (IMPRINT) |
| Place of publication |
Guwahati : |
| Name of publisher |
DVS Publishers, |
| Year of publication |
2012. |
| 300 ## - PHYSICAL DESCRIPTION |
| Number of Pages |
xix, 315 p. : |
| Other physical details |
ill. ; |
| Dimensions |
23 cm. |
| 500 ## - GENERAL NOTE |
| General note |
Contributed articles. |
| 650 #0 - SUBJECT ADDED ENTRY--TOPICAL TERM |
| Topical Term |
Agriculture |
| 650 #0 - SUBJECT ADDED ENTRY--TOPICAL TERM |
| Topical Term |
Rural development |
| 700 1# - ADDED ENTRY--PERSONAL NAME |
| Personal name |
Ahmed, Jaynal Uddin, |
| 942 ## - ADDED ENTRY ELEMENTS (KOHA) |
| Koha item type |
ADB |
| 952 ## - LOCATION AND ITEM INFORMATION (KOHA) |
| Withdrawn status [LOCAL, KOHA] |
0 |
| 952 ## - LOCATION AND ITEM INFORMATION (KOHA) |
| Withdrawn status [LOCAL, KOHA] |
0 |
| 952 ## - LOCATION AND ITEM INFORMATION (KOHA) |
| Withdrawn status [LOCAL, KOHA] |
0 |
| 952 ## - LOCATION AND ITEM INFORMATION (KOHA) |
| Withdrawn status [LOCAL, KOHA] |
0 |